000 00707nab a22002297a 4500
001 11978
003 HDC
007 cr bn ---aaaaa
008 210128c20150327my ||||o |||| 00| 00eng d
040 _aHDC
245 0 _aSupply of halal products still low: Mustapa
336 _atext
_2rdacontent
337 _acomputer
_2rdamedia
338 _aonline resource
_2rdacarrier
650 _aExport
_94753
650 _aHalal food industry
_9128
710 _aDaily Express
856 _zRequest full-text at [email protected]
942 _2lcc
942 _cNEWS
942 _kNWSO 001589
999 _c9301
_d9301